LEADER 01327nam0 22002891i 450 001 SUN0042160 005 20060314120000.0 100 $a20060314d1966 |0itac50 ba 101 $aita 102 $aIT 105 $a|||| ||||| 200 1 $aIntroduzione alla problematica dell'abitare$fdalle lezioni svolte nell'anno acc. 1965-66 raccolte e coordinate dall'assistente del corso G. Luca Giannelli 205 $aFirenze : [s.n.]$b1966 210 $d132 p. : tav. ; 24 cm 215 $aIn testa al front.: Istituto di elementi di architettura e rilievo dei monumenti, Facolta' di architettura dell'Universita' di Firenze. 606 $aUrbanistica$x19.-20.$2FI$3SUNC008403 606 $aAbitazioni$2FI$3SUNC016811 620 $dFirenze$3SUNL000014 676 $a728$v21 700 1$aGamberini$b, Italo$3SUNV034719$035051 702 1$aGiannelli$b, Gian Luca$3SUNV034720 801 $aIT$bSOL$c20181109$gRICA 912 $aSUN0042160 950 $aBIBLIOTECA DEL DIPARTIMENTO DI ARCHITETTURA E DISEGNO INDUSTRIALE$d01 PREST IIAa107 $e01 29653 995 $aBIBLIOTECA DEL DIPARTIMENTO DI ARCHITETTURA E DISEGNO INDUSTRIALE$bIT-CE0107$h29653$kPREST IIAa107$op$qa 996 $aIntroduzione alla problematica dell'abitare$91421697 997 $aUNICAMPANIA LEADER 02404nam 2200625 a 450 001 9910958525303321 005 20240501111244.0 010 $a979-82-16-24514-8 010 $a1-282-52008-3 010 $a9786612520082 010 $a0-8108-6345-6 035 $a(CKB)1000000000787924 035 $a(EBL)467438 035 $a(OCoLC)435778665 035 $a(SSID)ssj0000333823 035 $a(PQKBManifestationID)12090384 035 $a(PQKBTitleCode)TC0000333823 035 $a(PQKBWorkID)10377573 035 $a(PQKB)11261104 035 $a(Au-PeEL)EBL467438 035 $a(CaPaEBR)ebr10364415 035 $a(CaONFJC)MIL252008 035 $a(MiAaPQ)EBC467438 035 $a(EXLCZ)991000000000787924 100 $a20100331h20092005 uy 0 101 0 $aeng 135 $aur|n|---||||| 181 $ctxt 182 $cc 183 $acr 200 14$aThe A to Z of fantasy literature /$fBrian Stableford 205 $a1st ed. 210 $aLanham, Md. $cScarecrow Press, Inc.$d2009, c2005 215 $a1 online resource (568 p.) 225 1 $aThe A to Z guide series ;$vno. 46 300 $aDescription based upon print version of record. 311 08$a0-8108-6829-6 320 $aIncludes bibliographical references (p. 449-498). 327 $aContents; Foreword; Acknowledgments; Acronyms and Abbreviations; Chronology; Introduction; The Dictionary; Bibliography; About the Author 330 $aStableford provides an invaluable guide to this sequence of events and to the current state of the field. The dictionary includes cross-referenced entries on more than 700 authors, ranging across the entire historical spectrum, while more than 200 other entries describe the fantasy subgenres, key images in fantasy literature, technical terms used in fantasy criticism, and the intimately convoluted relationship between literary fantasies, scholarly fantasies, and lifestyle fantasies. 410 0$aA to Z guides ;$v46. 606 $aFantasy fiction$vDictionaries 606 $aFantasy fiction$vBio-bibliography 615 0$aFantasy fiction 615 0$aFantasy fiction 676 $a809.38766 676 $a809.915 700 $aStableford$b Brian M$0166066 801 0$bMiAaPQ 801 1$bMiAaPQ 801 2$bMiAaPQ 906 $aBOOK 912 $a9910958525303321 996 $aThe A to Z of fantasy literature$94454657 997 $aUNINA